Horrible Histories - Statistics

General Stats
  • This quiz has been taken 362 times
  • The average score is 7 of 15
Answer Stats
Hint Answer % Correct
Married six times Henry VIII
85%
Had a baby with Julius Caesar Cleopatra
78%
Raps about his reign Charles II
75%
Was painted by Da Vinci Mona Lisa
70%
Globe Theatre William Shakespeare
69%
Refused to get out of her seat Rosa Parks
68%
Second man to land on the moon Buzz Aldrin
53%
Conquered England William the Conqueror
51%
Lived in a barrel Diogenes
35%
Loves helicopters Bob Hale
32%
He suffered from piles Napoleon
26%
He wishes he was somewhere else Mike Peabody
22%
Died at his last battle Nelson
15%
Historical Grimefighter Dave
6%
He's maaaaaaad Jack Mytton
2%
No matching quizzes found
Score Distribution
Percent of People with Each Score
Percentile by Number Answered
Your Score History
You have not taken this quiz